| 000 | 00376nam a2200145Ia 4500 | ||
|---|---|---|---|
| 008 | 100415s9999 xx 000 0 und d | ||
| 082 |
_b11785 _a631 |
||
| 100 | _aBidinger,F.R | ||
| 245 | _aDrough Research Priorities | ||
| 260 |
_aPATANCHERU _c1988 _bICRISAT |
||
| 365 | _b0 | ||
| 630 | _aDrough Research Priorities | ||
| 730 | _aDrough Research Priorities | ||
| 942 | _cBOOK | ||
| 999 |
_c594706 _d594703 |
||